| 000 | 00371nam a2200157Ia 4500 | ||
|---|---|---|---|
| 005 | 20250624032641.0 | ||
| 008 | 240331s9999 xx 000 0 und d | ||
| 020 | _a9552002923 | ||
| 082 |
_bGRE _a340 |
||
| 100 | _aGraru,C.A | ||
| 245 | 0 | _aJana jeevithayata neethiya | |
| 260 |
_aColombo _bS. Godage & Brothers _c1989 |
||
| 300 | _a164 p ., | ||
| 650 | _aLaw | ||
| 942 | _cL | ||
| 999 |
_c5015 _d5015 |
||